000
00302nam a22001337a 4500
008
181004b xxu||||| |||| 00| 0 eng d
020
_a
9780321742322
041
_a
eng
080
_2
8 ED
_a
611
100
_a
6
101
_a
ANA
245
_a
Human Anatomy Physiology
_c
Marieb,E,N
942
_2
udc
_c
BK
999
_c
48843
_d
48843